|
|
|
|
| LEADER |
00919nam a2200229 a 4500 |
| 001 |
4964772 |
| 008 |
090802s1998 enk b 001 0 eng d |
| 010 |
|
|
|a 97044992
|
| 020 |
|
|
|a 0415147026 (alk. paper)
|
| 020 |
|
|
|a 0415147034 (alk. paper)
|
| 040 |
|
|
|a DLC
|c DLC
|d DLC
|
| 082 |
0 |
0 |
|a 848/.91409
|2 21
|
| 245 |
0 |
0 |
|a Simone de Beauvoir :
|b a critical reader /
|c edited by Elizabeth Fallaize.
|
| 260 |
|
|
|a London ;
|a New York :
|b Routledge,
|c 1998.
|
| 300 |
|
|
|a x, 208 p. ;
|c 24 cm.
|
| 504 |
|
|
|a Includes bibliographical references (p. 203-206) and index.
|
| 541 |
1 |
|
|e 00013958
|
| 600 |
1 |
0 |
|a Beauvoir, Simone de,
|d 1908-1986
|x Criticism and interpretation.
|
| 700 |
1 |
|
|a Fallaize, Elizabeth.
|
| 852 |
4 |
|
|a Ayesha Abed Library
|j General Shelf.
|
| 999 |
|
|
|c 3152
|d 3152
|
| 952 |
|
|
|0 0
|1 0
|2 ddc
|4 0
|6 848_914090000000000_SIM
|7 0
|9 2857
|a BRACUL
|b BRACUL
|c GEN
|d 2009-08-30
|l 3
|m 22
|o 848.91409 SIM
|p 3010013958
|r 2019-04-17
|s 2019-03-24
|t 1
|w 2009-08-30
|y BK
|